Statystyki dla 15 krajów o największej liczbie zgonów Covid19 - 13 kwietnia 2022

Kliknij tutaj aby rozwiązać quiz!

Ogólne statystyki

  • Ten quiz został rozwiązany 31 razy
  • Średni wynik to 12 z 27

Statystyki odpowiedzi

kraj% Poprawnych
Polska
96%
Rosja
96%
Stany Zjednoczone
93%
Niemcy
81%
Francja
78%
Włochy
70%
Brazylia
67%
Meksyk
63%
Wielka Brytania
59%
Argentyna
56%
Czechy
44%
Indie
44%
Indonezja
33%
Kolumbia
33%
Słowacja
33%
Iran
30%
Węgry
30%
Chorwacja
26%
Peru
26%
Słowenia
26%
Bośnia i Hercegowina
15%
Bułgaria
15%
Litwa
15%
Łotwa
15%
Macedonia Północna
15%
Rumunia
11%
Gruzja
7%

Rozkład punktacji

Percentyl według liczby udzielonych odpowiedzi

Procent ludzi z każdym wynikiem

Twoja historia wyników

Nie rozwiązałeś tego quizu